<?xml version="1.0" encoding="UTF-8"?>
<record
    xmlns:xsi="http://www.w3.org/2001/XMLSchema-instance"
    xsi:schemaLocation="http://www.loc.gov/MARC21/slim http://www.loc.gov/standards/marcxml/schema/MARC21slim.xsd"
    xmlns="http://www.loc.gov/MARC21/slim">

  <leader>01238nam a2200373 u 4500</leader>
  <controlfield tag="001">547648</controlfield>
  <controlfield tag="005">20260506083215.0</controlfield>
  <controlfield tag="008">990915s1999                        spa  </controlfield>
  <datafield tag="035" ind1=" " ind2=" ">
    <subfield code="a">547648</subfield>
  </datafield>
  <datafield tag="035" ind1=" " ind2=" ">
    <subfield code="a">(OCoLC)777761444</subfield>
  </datafield>
  <datafield tag="040" ind1=" " ind2=" ">
    <subfield code="c">comduadb</subfield>
  </datafield>
  <datafield tag="041" ind1=" " ind2=" ">
    <subfield code="a">spa</subfield>
  </datafield>
  <datafield tag="082" ind1=" " ind2="4">
    <subfield code="a">348</subfield>
  </datafield>
  <datafield tag="100" ind1="1" ind2="0">
    <subfield code="a">Villa Rodr&#xED;guez, Fabio</subfield>
    <subfield code="4">com</subfield>
    <subfield code="e">com</subfield>
    <subfield code="9">291506</subfield>
  </datafield>
  <datafield tag="245" ind1="1" ind2="0">
    <subfield code="a">Gestion y legislacion ambiental para concejales y funcionarios publicos : contiene ley 491 de 1999</subfield>
  </datafield>
  <datafield tag="250" ind1=" " ind2=" ">
    <subfield code="a">1. ed.</subfield>
  </datafield>
  <datafield tag="260" ind1=" " ind2=" ">
    <subfield code="a">Bogot&#xE1; :</subfield>
    <subfield code="b">Biblioteca Jur&#xED;dica Dik&#xE9;,</subfield>
    <subfield code="c">1999.</subfield>
  </datafield>
  <datafield tag="300" ind1=" " ind2=" ">
    <subfield code="a">564 p&#xE1;ginas</subfield>
  </datafield>
  <datafield tag="500" ind1=" " ind2=" ">
    <subfield code="a">Compra:c.c.8601 Libreria continental:sep./99.</subfield>
  </datafield>
  <datafield tag="650" ind1=" " ind2="7">
    <subfield code="a">Gesti&#xF3;n ambiental</subfield>
    <subfield code="2">lemb</subfield>
    <subfield code="9">36466</subfield>
  </datafield>
  <datafield tag="650" ind1=" " ind2="7">
    <subfield code="a">Legislaci&#xF3;n ambiental</subfield>
    <subfield code="2">Ocde</subfield>
    <subfield code="9">50163</subfield>
  </datafield>
  <datafield tag="650" ind1=" " ind2=" ">
    <subfield code="a">Ley 99 de 1993</subfield>
    <subfield code="9">49345</subfield>
  </datafield>
  <datafield tag="650" ind1=" " ind2=" ">
    <subfield code="a">Ley 373 de 1997</subfield>
    <subfield code="9">41562</subfield>
  </datafield>
  <datafield tag="650" ind1=" " ind2=" ">
    <subfield code="a">Decreto 883 de 1997</subfield>
    <subfield code="9">26793</subfield>
  </datafield>
  <datafield tag="650" ind1=" " ind2=" ">
    <subfield code="a">Ley 491 de 1999</subfield>
    <subfield code="9">30241</subfield>
  </datafield>
  <datafield tag="650" ind1=" " ind2=" ">
    <subfield code="a">Ley 165 de 1994</subfield>
    <subfield code="9">22635</subfield>
  </datafield>
  <datafield tag="650" ind1=" " ind2=" ">
    <subfield code="a">Decreto 1600 de 1994</subfield>
    <subfield code="9">20289</subfield>
  </datafield>
  <datafield tag="650" ind1=" " ind2=" ">
    <subfield code="a">Decreto 1743 de 1994</subfield>
    <subfield code="9">24552</subfield>
  </datafield>
  <datafield tag="650" ind1=" " ind2=" ">
    <subfield code="a">Decreto 901 de 1997</subfield>
    <subfield code="9">24555</subfield>
  </datafield>
  <datafield tag="651" ind1=" " ind2="7">
    <subfield code="a">Colombia</subfield>
    <subfield code="2">embne</subfield>
    <subfield code="9">870547</subfield>
  </datafield>
  <datafield tag="700" ind1="1" ind2="0">
    <subfield code="a">Agudelo Cadavid, Consuelo</subfield>
    <subfield code="4">com</subfield>
    <subfield code="e">com</subfield>
    <subfield code="9">515901</subfield>
  </datafield>
  <datafield tag="700" ind1="1" ind2="0">
    <subfield code="a">Mera Clavijo, Alberto</subfield>
    <subfield code="4">com</subfield>
    <subfield code="e">com</subfield>
    <subfield code="9">497898</subfield>
  </datafield>
  <datafield tag="942" ind1=" " ind2=" ">
    <subfield code="c">BOOK</subfield>
  </datafield>
  <datafield tag="999" ind1=" " ind2=" ">
    <subfield code="c">130907</subfield>
    <subfield code="d">130907</subfield>
  </datafield>
  <datafield tag="952" ind1=" " ind2=" ">
    <subfield code="0">0</subfield>
    <subfield code="1">0</subfield>
    <subfield code="4">0</subfield>
    <subfield code="7">0</subfield>
    <subfield code="8">GEN</subfield>
    <subfield code="a">BC</subfield>
    <subfield code="b">BC</subfield>
    <subfield code="d">1999-09-15</subfield>
    <subfield code="g">35000.00</subfield>
    <subfield code="i">C604521</subfield>
    <subfield code="l">1</subfield>
    <subfield code="o">348 V712g</subfield>
    <subfield code="p">6-437585</subfield>
    <subfield code="r">2023-09-30 00:00:00</subfield>
    <subfield code="s">2023-08-30</subfield>
    <subfield code="t">1</subfield>
    <subfield code="w">2023-04-22</subfield>
    <subfield code="y">BOOK</subfield>
  </datafield>
  <datafield tag="952" ind1=" " ind2=" ">
    <subfield code="0">0</subfield>
    <subfield code="1">0</subfield>
    <subfield code="2">ddc</subfield>
    <subfield code="4">0</subfield>
    <subfield code="7">0</subfield>
    <subfield code="8">GENERAL</subfield>
    <subfield code="a">CARME</subfield>
    <subfield code="b">CARME</subfield>
    <subfield code="d">2009-06-25</subfield>
    <subfield code="e">Material adquirido por donaci&#xF3;n</subfield>
    <subfield code="f">DONA</subfield>
    <subfield code="g">30000.00</subfield>
    <subfield code="i">C1053707</subfield>
    <subfield code="l">0</subfield>
    <subfield code="o">348 V712</subfield>
    <subfield code="p">0698935</subfield>
    <subfield code="r">2023-04-22 00:00:00</subfield>
    <subfield code="t">2</subfield>
    <subfield code="w">2023-04-22</subfield>
    <subfield code="y">BOOK</subfield>
  </datafield>
</record>
